laufey: guess the song - #2 - Statistics

General Stats
  • This quiz has been taken 11 times
  • The average score is 36 of 140
Answer Stats
Answer % Correct
a
82%
I
82%
the
73%
my
64%
do
55%
love
55%
love,
55%
and
45%
to
45%
Why
45%
for
36%
I'm
36%
much?
36%
so
36%
are
27%
get
27%
in
27%
moon
27%
on
27%
Will
27%
will
27%
been
18%
boy
18%
don't
18%
first
18%
How
18%
of
18%
or
18%
that
18%
think
18%
time?
18%
all
9%
always
9%
come
9%
could
9%
crave
9%
dying
9%
earth?
9%
ever
9%
fall
9%
flower
9%
hurt?
9%
just
9%
kiss
9%
Lately
9%
like
9%
living
9%
mind
9%
night?
9%
Plant
9%
questions
9%
search?
9%
speak
9%
stranger's
9%
These
9%
this
9%
touch?
9%
universe
9%
Wish
9%
would
9%
age
0%
around
0%
asking
0%
away?
0%
better
0%
crashing
0%
curse
0%
day
0%
Falling
0%
feels
0%
head,
0%
Hmm
0%
into
0%
Live
0%
love's
0%
melt
0%
more
0%
out
0%
put
0%
puzzling
0%
Run
0%
say?
0%
sentences
0%
sleep
0%
spin
0%
Stars
0%
words
0%
worries
0%
No matching quizzes found
Score Distribution
Percent of People with Each Score
Percentile by Number Answered
Your Score History
You have not taken this quiz